Video Game Characters By Picture - L - Statistics

General Stats
  • This quiz has been taken 118 times
  • The average score is 8 of 14
Answer Stats
Picture Answer % Correct
Luigi
96%
Link
94%
Lara Croft
92%
Lucario
79%
Lucas
69%
Lakitu
68%
Little Mac
68%
Ludwig von Koopa
64%
Leon Kennedy
61%
Lucina
47%
Doctor {Light}
34%
Lemming
25%
Lee Everett
20%
Lae'zel
14%
No matching quizzes found
Score Distribution
Percent of People with Each Score
Percentile by Number Answered
Your Score History
You have not taken this quiz